00425cam a2200157ua 45000010005000000080039000050400009000440820013000531000029000662450053000952500009001482600040001573000017001976530027002146530026002414195111220n ii |||gr||||Z||||||asm cMAIN a891.45131 aGoswami, Trailokya Nath,11aAdhunik galpa sahityacby Trailokya Nath Goswami a1st. aNalbari:bSarma brothers & co.,965. a259p:c23cm. aAssamese short stories aAdhunik galpa sahitya